The integrability of consumer demand functions (Registro nro. 26929)

Detalles MARC
000 -LEADER
fixed length control field 00371 a2200121 4500
001 - CONTROL NUMBER
control field ART_14591
005 - DATE AND TIME OF LATEST TRANSACTION
control field 20260410161912.0
008 - FIXED-LENGTH DATA ELEMENTS--GENERAL INFORMATION
fixed length control field 260409a
100 1# - MAIN ENTRY--PERSONAL NAME
Personal name Lau, Lawrence J.
245 10 - TITLE STATEMENT
Title The integrability of consumer demand functions
700 1# - ADDED ENTRY--PERSONAL NAME
Personal name Jorgenson, Dale W.
773 0# - HOST ITEM ENTRY
Title European economic review
Related parts - Vol. 12, Nº 2 (abr. 1979)
Record control number REV13346

No hay ítems disponibles.